[Event "V. Korchnoy Memorial 2018"]
[Site "St. Petersburg"]
[Date "2018.08.15"]
[Round "1"]
[White "Scheglov, Dmitry"]
[Black "Chigaev, Maksim"]
[Result "0-1"]
[WhiteElo "2082"]
[BlackElo "2577"]
[Annotator "TA"]
[PlyCount "80"]
[EventDate "2018.08.15"]
[EventType "swiss"]
[EventCountry "RUS"]
[SourceTitle "playchess.com"]
[Source "ChessBase"]
[SourceQuality "1"]

{[%evp 28,80,17,28,20,23,24,-125,-110,-273,-258,-265,-261,-270,-246,-363,-344,-404,-418,-576,-496,-832,-663,-731,-705,-1092,-1074,-1078,-1079,-1066,-1068,-1036,-1032,-986,-954,-1439,-1450,-1446,-1422,-1357,-1333,-1864,-1773,-29975,-29975,-29980,-29981,-29981,-29982,-29981,-29977,-29977,-29978,-29976,-29971]} 1. e4 c5 2. Nc3 Nc6 3. g3 g6 4. Bg2 Bg7 5. d3 d6 6. f4 e6 7. Nf3 Nge7 8. Be3 {[%cal Bc1e3,Be3f2,Bf2c5][%mdl 32]} Nd4 9. O-O O-O 10. e5 Bd7 11. Ne4 Nef5 12. Bf2 Nxf3+ 13. Qxf3 Bc6 {B25: Sizilianisch (Geschlossenes System)} 14. c3 dxe5 (14... Rc8 15. exd6 Nxd6 16. Qe2 b6 17. Rad1 a5 18. Rfe1 Qc7 19. Rd2 Rcd8 20. Red1 a4 21. Nxd6 Rxd6 22. Bxc6 Qxc6 {0-1 (51) Rizzo,R (2473)-Joao,N (2617) ICCF email 2005}) 15. Bxc5 {LiveBook: 3 Partien} Re8 {Weiß hat minimalen Vorteil.} 16. fxe5 $1 Bxe5 17. g4 $146 (17. d4 $11 {hält das Gleichgewicht.} Bc7 18. Rad1) ({Vorgänger:} 17. d4 Bg7 18. g4 Qd7 19. Qf2 Nh6 20. Nf6+ Bxf6 21. Bxc6 bxc6 22. Qxf6 Nxg4 23. Qg5 f5 24. h3 Qc7 25. hxg4 {½-½ (25) Thomas,N (2252)-Beaumont,C (2329) Birmingham 2006}) 17... Qc7 $17 18. gxf5 $2 {[#]} (18. Bf2 $17) 18... exf5 $19 19. Kh1 fxe4 20. dxe4 Bb5 ({Finger weg von} 20... Bxh2 21. Rae1 $19) 21. Qf2 (21. Bg1 {kämpft weiter.}) 21... Bxf1 (21... Bxh2 $2 22. Qxf7+ Qxf7 23. Rxf7 $19) 22. Bxf1 {[#]} Bxh2 $1 {[%mdl 512]} 23. Bc4 (23. Qxh2 Qxc5) 23... Rxe4 24. Bd5 (24. Qxf7+ $142 Qxf7 25. Bxf7+ Kxf7 26. Kxh2) 24... Rf4 25. Qxh2 {Le3 ist eine echte Drohung.} Qxc5 26. Bxb7 Rf2 27. Bxa8 Rxh2+ 28. Kxh2 {[%mdl 4096] Endspiel KD-KTL} Qf2+ 29. Kh1 Qxb2 30. Rf1 Qxc3 31. Bd5 Qh3+ 32. Kg1 Qg4+ 33. Bg2 Kg7 34. Rb1 h5 {[%cal Bh7h5,Bh5h4][%mdl 32]} 35. Rb7 h4 {Schwarz setzt Matt.} 36. Kh2 Qg3+ 37. Kh1 h3 {[%csl Gh3][%cal Rg3g2]} 38. Bc6 Qe1+ 39. Kh2 Qd2+ 40. Kxh3 Qc3+ {Precision: Weiß = 27%, Schwarz = 92%.} 0-1

[Event "V. Korchnoy Memorial 2018"]
[Site "St. Petersburg"]
[Date "2018.08.15"]
[Round "1"]
[White "Ivanov, Sergei V"]
[Black "Pridorozhni, Aleksei"]
[Result "0-1"]
[WhiteElo "2075"]
[BlackElo "2564"]
[Annotator "ChessBase"]
[PlyCount "82"]
[EventDate "2018.08.15"]
[EventType "swiss"]
[EventCountry "RUS"]
[SourceTitle "playchess.com"]
[Source "ChessBase"]
[SourceQuality "1"]
[TimeControl "5400+30"]

1. e4 {[%emt 0:00:00]} c5 {[%emt 0:00:00]} 2. Nf3 {[%emt 0:00:00]} e6 {[%emt 0:00:00]} 3. d4 {[%emt 0:00:00]} cxd4 {[%emt 0:00:00]} 4. Nxd4 {[%emt 0:00:00]} Nf6 {[%emt 0:00:00]} 5. Nc3 {[%emt 0:00:11]} Nc6 {[%emt 0:00:00]} 6. Ndb5 {[%emt 0:00:36]} Bc5 {[%emt 0:00:00]} 7. Nd6+ {[%emt 0:00:49]} Ke7 {[%emt 0:00:05]} 8. Bf4 {[%emt 0:01:19]} e5 {[%emt 0:00:05]} 9. Nf5+ {[%emt 0:00:30]} Kf8 {[%emt 0:00:04]} 10. Bg5 {[%emt 0:00:56]} h6 {[%emt 0:00:08]} 11. Bxf6 {[%emt 0:04:43]} Qxf6 {[%emt 0:00:05]} 12. Nd5 {[%emt 0:00:46]} Qd8 {[%emt 0:00:05]} 13. Bc4 {[%emt 0:02:38]} g6 {[%emt 0:00:27]} 14. Nfe3 {[%emt 0:00:32]} Kg7 {[%emt 0:00:17]} 15. O-O {[%emt 0:00:38]} d6 {[%emt 0:00:10]} 16. c3 {[%emt 0:02:45]} a6 {[%emt 0:00:08]} 17. Kh1 {[%emt 0:03:08]} Rf8 {[%emt 0:02:04]} 18. b4 {[%emt 0:06:31]} Ba7 {[%emt 0:00:16]} 19. Qd3 {[%emt 0:02:54]} Be6 {[%emt 0:03:49]} 20. Rad1 {[%emt 0:03:48]} Rc8 {[%emt 0:01:50]} 21. Bb3 {[%emt 0:01:33]} Qg5 {[%emt 0:02:11]} 22. Nc4 {[%emt 0:05:03]} Rcd8 {[%emt 0:03:44]} 23. a4 {[%emt 0:03:32]} Ne7 {[%emt 0:07:51]} 24. Nd2 {[%emt 0:06:57]} Nxd5 {[%emt 0:02:17]} 25. Bxd5 {[%emt 0:00:26]} Bc8 {[%emt 0:00:05]} 26. Bb3 {[%emt 0:07:03]} f5 {[%emt 0:02:06]} 27. Bd5 {[%emt 0:06:45]} f4 {[%emt 0:01:30]} 28. b5 {[%emt 0:08:16]} Qe7 {[%emt 0:05:08]} 29. Nc4 {[%emt 0:05:53]} axb5 {[%emt 0:00:14]} 30. axb5 {[%emt 0:00:07]} Bc5 {[%emt 0:00:04]} 31. Nd2 {[%emt 0:03:52]} g5 {[%emt 0:01:18]} 32. f3 {[%emt 0:01:59]} h5 {[%emt 0:00:20]} 33. g3 {[%emt 0:03:27]} Bh3 {[%emt 0:01:12]} 34. gxf4 {[%emt 0:02:13]} Bxf1 {[%emt 0:00:26]} 35. Qxf1 {[%emt 0:00:18]} gxf4 {[%emt 0:00:54]} 36. Qg2+ {[%emt 0:02:37]} Kh6 {[%emt 0:00:19]} 37. Nb3 {[%emt 0:00:09]} Be3 {[%emt 0:00:23]} 38. Na5 {[%emt 0:00:14]} Rf6 {[%emt 0:00:28]} 39. Nc4 {[%emt 0:01:56]} Bc5 {[%emt 0:00:14]} 40. h4 {[%emt 0:03:29]} Rg6 {[%emt 0:00:06]} 41. Qh2 {[%emt 0:00:03]} Rg3 {[%emt 0:01:04]} 0-1

[Event "V. Korchnoy Memorial 2018"]
[Site "St. Petersburg"]
[Date "2018.08.15"]
[Round "1"]
[White "Zemnitskiy, Alexander"]
[Black "Vavulin, Maksim"]
[Result "0-1"]
[WhiteElo "2069"]
[BlackElo "2545"]
[Annotator "ChessBase"]
[PlyCount "58"]
[EventDate "2018.08.15"]
[EventType "swiss"]
[EventCountry "RUS"]
[SourceTitle "playchess.com"]
[Source "ChessBase"]
[SourceQuality "1"]
[TimeControl "5400+30"]

1. d4 {[%emt 0:00:00]} e6 {[%emt 0:00:18]} 2. c4 {[%emt 0:00:10]} c5 {[%emt 0:00:05]} 3. d5 {[%emt 0:01:58]} exd5 {[%emt 0:00:07]} 4. cxd5 {[%emt 0:00:06]} d6 {[%emt 0:00:07]} 5. e4 {[%emt 0:02:36]} g6 {[%emt 0:00:13]} 6. h3 {[%emt 0:00:56]} Bg7 {[%emt 0:00:18]} 7. Nf3 {[%emt 0:00:23]} Ne7 {[%emt 0:00:34]} 8. Nc3 {[%emt 0:00:38]} h6 {[%emt 0:02:13]} 9. Bd3 {[%emt 0:01:36]} O-O {[%emt 0:00:18]} 10. O-O {[%emt 0:00:06]} f5 {[%emt 0:04:52]} 11. Re1 {[%emt 0:03:26]} fxe4 {[%emt 0:00:54]} 12. Bxe4 {[%emt 0:01:02]} Nd7 {[%emt 0:01:02]} 13. Qc2 {[%emt 0:12:15]} Nf5 {[%emt 0:02:14]} 14. Bf4 {[%emt 0:16:07]} Nf6 {[%emt 0:09:55]} 15. Bd3 {[%emt 0:01:38]} a6 {[%emt 0:03:04]} 16. Ne4 {[%emt 0:04:25]} b5 {[%emt 0:02:16]} 17. Nxf6+ {[%emt 0:02:38]} Qxf6 {[%emt 0:00:07]} 18. Re2 {[%emt 0:02:23]} g5 {[%emt 0:04:40]} 19. Bh2 {[%emt 0:01:05]} h5 {[%emt 0:00:11]} 20. g4 {[%emt 0:24:24]} hxg4 {[%emt 0:02:05]} 21. hxg4 {[%emt 0:00:14]} Nh6 {[%emt 0:04:23]} 22. Bh7+ {[%emt 0:02:50]} Kh8 {[%emt 0:00:15]} 23. Be5 {[%emt 0:00:24]} dxe5 {[%emt 0:02:58]} 24. Nxe5 {[%emt 0:00:05]} Bxg4 {[%emt 0:01:26]} 25. Ng6+ {[%emt 0:11:13]} Kxh7 {[%emt 0:00:08]} 26. Nxf8+ {[%emt 0:00:13]} Kg8 {[%emt 0:00:05]} 27. Nh7 {[%emt 0:01:04]} Qf5 {[%emt 0:00:37]} 28. Qxf5 {[%emt 0:00:26]} Nxf5 {[%emt 0:00:06]} 29. Nxg5 {[%emt 0:00:07]} Bxe2 {[%emt 0:00:06]} 0-1

[Event "V. Korchnoy Memorial 2018"]
[Site "St. Petersburg"]
[Date "2018.08.16"]
[Round "2"]
[White "Kokarev, Dmitry"]
[Black "Tsybikov, Tumen"]
[Result "1-0"]
[WhiteElo "2608"]
[BlackElo "2272"]
[Annotator "TA"]
[PlyCount "61"]
[EventDate "2018.08.15"]
[EventType "swiss"]
[EventCountry "RUS"]
[SourceTitle "playchess.com"]
[Source "ChessBase"]
[SourceQuality "1"]

{[%evp 15,61,25,25,-14,-23,-11,-27,-14,-13,-25,-12,-37,0,-15,-4,0,-5,0,0,-34,87,77,110,96,118,16,18,17,16,11,14,-14,72,10,286,249,245,113,200,194,248,246,241,247,229,229,635,521]} 1. c4 c5 2. Nf3 g6 3. d4 Bg7 4. e4 d6 5. Nc3 Nc6 6. d5 {A42: Modern Defence: Averbakh Variation} Nd4 7. Nxd4 cxd4 8. Nb5 Qb6 {LiveBook: 37 Games} 9. Bf4 {Threatens to win with c5!} (9. c5 $5 dxc5 10. Bf4 $11) 9... a6 $1 {[%cal Ra6b5]} (9... Kf8 10. b4 a6 11. c5 dxc5 12. Nc7 Rb8 13. bxc5 Qxc5 {1-0 (37) Aronian,L (2805)-Mchedlishvili,M (2603) Riadh 2017}) 10. c5 $1 {[%cal Rc5b6]} ({But not} 10. Qa4 Bd7 $17) 10... Qd8 ({Don't go for} 10... Qxc5 $2 11. Rc1 $18) 11. Nxd4 dxc5 12. Nb3 Bxb2 13. Bd3 $146 (13. Rb1 $5 {[%cal Rb1b2]} Bc3+ 14. Bd2 Bxd2+ 15. Qxd2 $15) ({Predecessor:} 13. Rb1 Bc3+ 14. Bd2 Bxd2+ 15. Qxd2 Nf6 16. Nxc5 b6 17. Na4 Nxe4 18. Qd4 Nf6 {½-½ (18) Trifunovic,P-Lokvenc,J Marianske Lazne 1960}) 13... Nf6 {Hoping for ...Bc3+.} 14. O-O Bxa1 15. Qxa1 O-O {next ...b6 is good for Black.} 16. Nxc5 Re8 17. Rd1 Nd7 (17... b6 $15 {keeps the upper hand.} 18. Nb3 Bb7) 18. Bh6 $1 $16 {[%csl Gh6][%cal Ra1g7][%mdl 1024] White has strong compensation.} f6 19. Ne6 $36 {[%mdl 2048] White is on the roll.} Qa5 20. d6 ({White should try} 20. Ng7 $1 $16) 20... Ne5 $11 21. Nc7 $1 {[%cal Rc7e8]} Bg4 22. f3 {Strongly threatening Qb1.} Qc5+ ({Not} 22... Nxd3 $2 23. Rxd3 Bd7 24. Nxa8 $18) 23. Kf1 {Black must now prevent Be2.} exd6 (23... Nxd3 $11 24. Rxd3 Bd7) 24. Nd5 {[#]} (24. Rc1 $16 Qa5 25. Nxa8 Nxd3 26. Qxf6) 24... Re6 $2 {[%mdl 8192]} (24... Rf8 $1 $11 {and Black has nothing to worry.}) 25. Be3 Qa3 26. Bc1 (26. Bc2 $18 {has better winning chances.}) 26... Qa4 {[#]} (26... Qc5 $16 {is a better defense.}) 27. Be2 $1 $18 Bh5 (27... f5 {was worth a try.}) 28. Nb6 Qe8 29. Nxa8 Qxa8 30. g4 f5 $2 (30... Bxg4 31. fxg4 b5) 31. exf5 {Precision: White = 35%, Black = 26%.} 1-0

[Event "V. Korchnoy Memorial 2018"]
[Site "St. Petersburg"]
[Date "2018.08.16"]
[Round "2"]
[White "Ponkratov, Pavel"]
[Black "Salman, Pavel"]
[Result "1-0"]
[WhiteElo "2605"]
[BlackElo "2253"]
[Annotator "TA"]
[PlyCount "85"]
[EventDate "2018.08.15"]
[EventType "swiss"]
[EventCountry "RUS"]
[SourceTitle "playchess.com"]
[Source "ChessBase"]
[SourceQuality "1"]

{[%evp 19,85,35,61,32,79,52,53,38,54,44,125,125,122,127,136,114,172,135,146,46,56,-43,95,61,63,82,110,0,168,92,118,0,-9,-150,-59,-33,-23,-56,44,45,45,32,69,72,84,18,203,195,192,181,214,221,269,260,306,324,695,667,514,310,301,266,282,274,273,268,1031,527]} 1. e4 c5 2. Nf3 e6 3. d4 cxd4 4. Nxd4 a6 5. Bd3 Nf6 6. O-O d6 7. c4 Be7 8. b3 {B42: Sizilianisch (Paulsen-Variante)} b6 9. Bb2 Bb7 10. Nc3 Nc6 {LiveBook: 4 Partien} 11. Bc2 h5 $146 ({Vorgänger:} 11... O-O 12. Rc1 Rc8 13. Bb1 Re8 14. Nde2 Ne5 15. Ng3 Qc7 16. Kh1 Qb8 {½-½ (26) Motylev,A (2652)-Papin,V (2476) Cheboksary 2016}) 12. Qd2 Qc7 13. Nde2 h4 14. h3 g5 (14... Rg8 $14) 15. Qxg5 $16 O-O-O 16. Qe3 Rhg8 17. Rac1 {[#] Und Sd5! würde nun gewinnen.} Nd7 (17... Kb8 $16) 18. Kh1 Kb8 19. Bd1 (19. Ba3 $16) 19... Nc5 $14 20. a3 (20. Rg1 $14) 20... Ne5 (20... f5 $15 {bleibt weiter vorne.} 21. b4 Nxe4) 21. Bc2 $16 Bg5 22. f4 Bh6 23. Qd4 (23. Rf2 $16) 23... Rg6 $2 (23... f5 $1 $11) 24. Rcd1 (24. b4 $18) 24... Nc6 25. Qd2 (25. Qf2 $16) 25... Na5 $1 $11 26. Nc1 (26. Nd4 $11 {bleibt in der Remisbreite.}) 26... Rdg8 (26... f5 $17 {[%cal Rf5e4]} 27. Rg1 fxe4) 27. Rf2 $15 e5 28. Nd5 Bxd5 ({Besser ist} 28... Qc8 $1 $15 29. Nxb6 Qe6) 29. exd5 $14 ({Finger weg von} 29. Qxd5 Bxf4 30. Ne2 (30. b4 $2 Qd7 $19) 30... Be3 $16) 29... Bxf4 30. Rxf4 Rxg2 31. Rf2 R2g3 {[%cal Rc5b3]} 32. Qe2 (32. Bf5 $16) 32... Naxb3 $2 (32... Rxh3+ $11 {und Schwarz steht sicher.} 33. Rh2 Qc8) 33. Nxb3 $18 Nxb3 34. Bf5 Qc5 35. Bg4 Re3 36. Qf1 Na5 37. Bc1 ({Jedoch nicht} 37. Rxf7 Qxc4 38. Qf5 (38. Rf8+ Rxf8 39. Qxf8+ Ka7 $16) 38... Qe4+ 39. Qxe4 Rxe4 $18) 37... Nxc4 $2 (37... Rg3 38. Rxf7 Qxc4) 38. Rxf7 Rc3 39. Rf8+ Rxf8 40. Qxf8+ Kb7 41. Rf1 {[#] Droht Matt per Tf7+.} Qxd5+ 42. Bf3 e4 $2 (42... Rxf3 43. Qxf3 Qxf3+ 44. Rxf3 b5 45. Rf7+ Kc6) 43. Qg7+ {Precision: Weiß = 36%, Schwarz = 26%.} 1-0

[Event "V. Korchnoy Memorial 2018"]
[Site "St. Petersburg"]
[Date "2018.08.16"]
[Round "2"]
[White "Chigaev, Maksim"]
[Black "Klepikov, Nikita"]
[Result "1-0"]
[WhiteElo "2577"]
[BlackElo "2245"]
[Annotator "TA"]
[PlyCount "59"]
[EventDate "2018.08.15"]
[EventType "swiss"]
[EventCountry "RUS"]
[SourceTitle "playchess.com"]
[Source "ChessBase"]
[SourceQuality "1"]

{[%evp 15,59,10,5,-1,27,31,67,63,62,67,67,75,61,62,81,77,108,132,183,192,428,417,435,423,505,417,414,414,605,633,628,629,727,714,863,930,942,933,904,879,1058,1037,1529,1484,1939,1912]} 1. e4 d5 2. exd5 Nf6 3. d4 Bg4 4. Be2 Bxe2 5. Qxe2 Qxd5 6. Nf3 e6 7. O-O Nc6 8. Nc3 Qh5 {LiveBook: 7 Partien. B01: Skandinavische Verteidigung} 9. Ne4 $146 ({Vorgänger:} 9. Bf4 O-O-O 10. Rfd1 Bd6 11. Bxd6 Rxd6 12. Rd2 Rhd8 13. Rad1 g5 14. Qb5 g4 15. Qxh5 Nxh5 16. Ng5 Rxd4 17. Rxd4 Rxd4 18. Nxf7 Rxd1+ 19. Nxd1 {1-0 (46) Darini,P (2423)-Mallahi,A (2376) Tabriz 2011}) 9... O-O-O 10. Ng3 Qd5 {Weiß steht etwas besser.} 11. c4 Qa5 12. Bd2 Qa6 13. Bc3 h5 14. b3 {[%cal Bb2b3,Bb3b4][%mdl 32]} Be7 15. h4 Ng4 16. Rfd1 Rh6 {[#]} (16... Bd6 $16) 17. a3 $1 $18 {[%mdl 512]} f5 $2 (17... Re8 {war angesagt.} 18. b4 Qa4) (17... Bxa3 18. Bb2) 18. b4 Qa4 {Falls Schwarz jetzt zu ...Ld6 käme, bestünde noch etwas Hoffnung.} 19. d5 {[%cal Bd4d5,Bd5e6,Be6e7][%mdl 32]} f4 20. Ne4 ({Schwächer ist} 20. dxc6 Rxd1+ 21. Rxd1 fxg3 $16) 20... Nb8 21. Neg5 Bxg5 (21... e5 $142 22. Nxe5 Nxe5 23. Bxe5 Bf6 24. Bxf6 Rxf6 25. Qxh5 Qd7) 22. hxg5 {Weiß steht klar auf Gewinn.} Rg6 23. dxe6 {[#] Txd8+ ist eine echte Drohung.} Re8 24. e7 Qc6 25. b5 Qe6 26. Qd3 {Droht Matt per Dd8+.} Nd7 27. Bb4 h4 28. Ra2 h3 29. Re2 Ne3 30. fxe3 {Precision: Weiß = 89%, Schwarz = 28%.} 1-0

[Event "V. Korchnoy Memorial 2018"]
[Site "St. Petersburg"]
[Date "2018.08.16"]
[Round "2"]
[White "Pridorozhni, Aleksei"]
[Black "Petrov, Dmitri"]
[Result "1-0"]
[WhiteElo "2564"]
[BlackElo "2233"]
[Annotator "TA"]
[PlyCount "139"]
[EventDate "2018.08.15"]
[EventType "swiss"]
[EventCountry "RUS"]
[SourceTitle "playchess.com"]
[Source "ChessBase"]
[SourceQuality "1"]

{[%evp 20,139,45,45,44,50,52,36,34,28,31,28,26,34,36,35,45,43,45,33,31,28,28,28,46,19,34,29,41,6,6,6,8,8,7,0,0,3,9,3,41,33,47,44,50,50,44,44,52,54,54,53,52,52,51,41,62,20,62,62,92,15,15,15,15,15,15,15,15,0,0,0,10,0,0,0,0,0,126,75,75,70,131,152,235,235,534,283,257,60,174,177,229,207,316,236,375,222,520,517,467,478,635,548,506,477,575,558,538,507,12839,12840,12840,12840,12840,12837,6632,6130,12841,12842,12843,12843]} 1. e4 d5 2. exd5 Qxd5 3. Nc3 Qd8 4. d4 Nf6 5. Nf3 Bg4 6. h3 Bxf3 {B01: Scandinavian Defence} 7. Qxf3 c6 8. Be3 e6 9. O-O-O Bb4 10. Ne4 Nxe4 11. Qxe4 {LiveBook: 22 Games. d5 is the strong threat.} Qd5 12. Qxd5 cxd5 13. c4 dxc4 14. Bxc4 Nd7 $146 {Threatens to win with ...Rc8.} 15. Bb3 Bd6 16. Kb1 O-O 17. g4 Nb6 18. d5 e5 19. h4 Rfc8 20. Rc1 Rxc1+ 21. Rxc1 Rc8 22. Re1 Rc7 23. f4 Re7 24. fxe5 (24. f5 {seems wilder.} Rc7 25. h5 Nd7 26. h6 gxh6 27. Bxh6 Nf6 28. Rg1) 24... Rxe5 25. Bf2 Rxe1+ 26. Bxe1 $11 {[%mdl 4096] Endgame KBB-KBN} Nd7 27. Bd1 Kf8 28. Kc2 Ke7 29. Kd3 h6 30. a4 {[%cal Ba2a4,Ba4a5][%mdl 32]} a6 31. a5 Be5 32. b3 Nc5+ 33. Ke3 Nd7 34. Ke4 Bh2 35. Bb4+ Bd6 36. Bc3 Nf6+ 37. Kd3 Bg3 38. Bf3 Ne8 39. h5 f6 40. d6+ (40. Be4 $16) 40... Nxd6 41. Bb4 Kd7 42. Kd4 Ke6 43. Bd5+ Kd7 44. Kd3 Kc7 45. Bc5 Be1 46. b4 Kd7 47. Kc2 {And now Kb3 would win.} Kc7 48. Kb3 Ne8 (48... Bg3 $1 $11) 49. Bf3 (49. Be4 $142 $1) 49... Bg3 $16 50. Kc4 {[%mdl 1024] White has strong compensation.} Nd6+ (50... Kc8 $14) 51. Kd5 Kd7 (51... Nf7 $16) 52. Bd1 $1 $18 Ke7 $2 (52... Nf7 53. Bf8 Ke8 54. Bxg7 Ke7) 53. Bc2 Kd7 {[#]} 54. Bh7 $2 (54. Ba4+ $1 $18 Kc7 55. Ke6) 54... Bf4 {[#]} ({Black should play} 54... Be5 $14) 55. Bg8 $1 Ne8 (55... Nb5 {is a better defense.}) 56. Be6+ Kd8 (56... Kc7 $142 57. Ke4 Bd6) 57. Ke4 Bd6 (57... Be5 {was necessary.} 58. Kf5 Kc7) 58. Bd5 (58. Kf5 $142 Kc7 59. Bf7) 58... Kc8 $2 (58... Be5 {was worth a try.} 59. Kf5 (59. Bxb7 Nd6+ 60. Bxd6 Bxd6 $14) 59... Kc7) 59. Kf5 {White is clearly winning.} Be5 60. Kg6 Nc7 61. Be4 Ne8 62. Bf5+ Kd8 63. Kf7 Nd6+ 64. Kxg7 {aiming for Bxd6.} Nxf5+ (64... Bf4 $142 65. Bxd6 Bxd6 66. Kxh6 Ke8) 65. gxf5 {KB-KB} Ke8 66. Kg6 Bc3 67. Bd6 Kd7 68. Bf8 Ke8 69. Bxh6 Bxb4 70. Bg7 {Precision: White = 67%, Black = 44%.} 1-0

[Event "V. Korchnoy Memorial 2018"]
[Site "St. Petersburg"]
[Date "2018.08.16"]
[Round "2"]
[White "Vavulin, Maksim"]
[Black "Kolmagorov, Alexey"]
[Result "1-0"]
[WhiteElo "2545"]
[BlackElo "2230"]
[Annotator "TA"]
[PlyCount "120"]
[EventDate "2018.08.15"]
[EventType "swiss"]
[EventCountry "RUS"]
[SourceTitle "playchess.com"]
[Source "ChessBase"]
[SourceQuality "1"]

{[%evp 18,120,183,106,92,31,49,10,44,44,86,81,114,120,109,109,110,122,118,114,117,119,110,81,75,78,117,95,101,107,107,106,92,93,201,181,183,184,186,190,191,196,196,139,234,241,258,241,242,242,235,232,319,270,385,342,407,393,578,488,582,575,4598,905,765,324,4610,243,243,245,245,8,404,368,4686,1510,1837,1755,1456,1406,29965,29965,12798,580,29974,29975,29977,29978,29978,29980,29980,29981,29983,29984,29986,29984,29986,29987,29987,29988,29988,29989,29995,29996,29998]} 1. e4 c5 {[%cal Bc7c5,Bc5d4][%mdl 32]} 2. Nc3 Nc6 3. Bb5 Nd4 4. Nf3 g6 5. Bc4 Bg7 6. Nxd4 cxd4 7. Qf3 e6 8. Nb5 d6 9. Qa3 Be5 {B23: Closed Sicilian: Lines without g3} (9... Ke7 10. c3 dxc3 11. dxc3 a6 12. Nd4 e5 13. Nc2 Be6 14. Qb3 Qc7 15. Bd5 Bxd5 16. Qxd5 Qc6 17. Qd3 h6 18. Nb4 Qe8 19. Nd5+ {1-0 (19) Hou,Y (2673)-Cramling,P (2518) Beijing 2014}) 10. c3 {LiveBook: 4 Games} (10. O-O $18 {Hoping for f4.} Qb6 11. f4 d3+ 12. Kh1) 10... d5 $16 11. cxd4 (11. exd5 $1 $16 {Strongly threatening d6.} exd5 12. O-O (12. cxd4 Bb8 $14)) 11... Bb8 $1 $14 {White is slightly better.} 12. Bd3 $146 ({Predecessor:} 12. exd5 exd5 13. Be2 Ne7 14. O-O O-O 15. d3 Nf5 16. Bg4 Qb6 17. Bxf5 Bxf5 {1-0 (59) Kulhanek,T (2376)-Jirasek,P (2177) Chrudim 2004}) 12... dxe4 13. Bxe4 Qb6 14. Qc5 Bd7 15. Qxb6 axb6 16. Bxb7 Ra4 17. b3 Ra5 18. Nc3 Ne7 19. Bb2 O-O 20. Ne4 f5 21. Nc3 Bc6 22. Bxc6 Nxc6 23. Na4 Ba7 24. Rc1 Nb4 25. Ke2 {Threatens to win with Ba3.} b5 (25... Nd5 $16) 26. Bc3 Nxa2 27. Bxa5 Nxc1+ 28. Rxc1 bxa4 29. bxa4 Bxd4 $18 {[%mdl 4096] Endgame KRB-KRB} 30. Rc4 (30. Bc7 $18) 30... Ra8 {[#]} (30... e5 $16 31. Bb4 Rb8) 31. Bc7 $1 ({Don't take} 31. Rxd4 $6 Rxa5 32. Kd3 e5 $16) 31... Bf6 32. f4 Kf7 33. a5 Ke7 34. Kd3 h5 35. Rc5 g5 (35... Bh4 {keeps fighting.} 36. g3 Bf6) 36. Kc4 gxf4 37. Bxf4 Rd8 (37... h4 {was worth a try.} 38. Kb5 Bb2) 38. Kb5 e5 39. Bxe5 Rxd2 40. a6 (40. Bxf6+ $142 Kxf6 41. a6 Rxg2 42. Kb6) 40... Bxe5 41. Rxe5+ {KR-KR} Kf6 $2 (41... Kd6 42. Rxf5 Rb2+ 43. Ka5 Kc6) 42. Re8 $2 ({Weaker is} 42. a7 Ra2 $11) (42. Rc5 Rxg2 43. a7) 42... Rb2+ 43. Kc4 Ra2 {[#]} 44. Rh8 $2 (44. Ra8 $1 $18) 44... Kg5 $2 {[%mdl 8192]} (44... Kg7 $1 $11 45. Ra8 (45. Rxh5 Kg6 $16) 45... Rxg2) 45. Kb5 Rb2+ $2 (45... f4 46. Rf8 Ra1) 46. Kc6 Ra2 47. Kb7 Rb2+ 48. Ka8 Kf4 49. a7 Ke4 50. Re8+ (50. Rb8 $142 Rxg2 51. Kb7 Rg7+ 52. Kb6 Rxa7 53. Kxa7) 50... Kf4 51. Rb8 {White mates.} Rxg2 52. Kb7 Rg7+ 53. Kb6 Rxa7 54. Kxa7 {KR-KPP} Kg4 55. Kb6 Kh3 56. Rh8 h4 57. Kc5 f4 58. Kd4 f3 59. Ke3 Kxh2 60. Kxf3 h3 {Precision: White = 58%, Black = 28%.} 1-0

[Event "V. Korchnoy Memorial 2018"]
[Site "St. Petersburg"]
[Date "2018.08.16"]
[Round "2"]
[White "Evdokimov, Alexey"]
[Black "Kamsky, Gata"]
[Result "1/2-1/2"]
[WhiteElo "2288"]
[BlackElo "2675"]
[Annotator "TA"]
[PlyCount "107"]
[EventDate "2018.08.15"]
[EventType "swiss"]
[EventCountry "RUS"]
[SourceTitle "playchess.com"]
[Source "ChessBase"]
[SourceQuality "1"]

{[%evp 18,107,-12,-15,0,-22,0,-10,3,0,0,0,0,0,1,-15,-14,-19,-15,-32,-18,-35,0,0,0,0,13,14,10,11,16,0,0,0,0,0,18,0,10,3,8,6,24,1,10,0,0,0,8,0,22,10,20,10,18,0,0,0,0,0,0,0,0,0,0,-11,0,0,0,0,0,0,0,0,0,0,0,0,0,-5,-3,-6,0,0,0,0,0,0,0,0,0,0]} 1. Nf3 Nf6 2. g3 d5 3. Bg2 c6 4. O-O Bf5 5. d3 h6 6. Nbd2 e6 7. Qe1 Be7 8. e4 Bh7 9. Ne5 O-O 10. Qe2 {LiveBook: 23 Games} a5 {A07: Réti Opening: New York and Capablanca Systems} 11. Re1 Na6 $146 ({Predecessor:} 11... a4 12. a3 Nbd7 13. Nxd7 Qxd7 14. e5 Ne8 15. Nf1 c5 16. Ne3 Nc7 17. c3 d4 18. cxd4 Qxd4 19. Bxb7 Bxd3 {½-½ (26) Lenic,L (2643)-Firat,B (2487) Slovenia 2016}) 12. Ng4 (12. a3 {with more complications.} Bc5 13. Nb3 Bd6 14. Bf4 a4 15. Nd2) 12... Kh8 13. Nxf6 Bxf6 14. Nf1 {[%cal Bd2f1,Bf1g3,Bg3h5][%mdl 32]} a4 15. a3 Nc5 16. e5 Be7 17. f4 b5 18. g4 Rb8 19. Ng3 f6 20. exf6 Bxf6 21. Nh5 Bd4+ 22. Be3 Bxe3+ $1 23. Qxe3 Qd6 24. Rf1 Bg6 25. Ng3 Rbe8 26. Rae1 Nd7 27. Rf2 b4 28. axb4 Qxb4 29. c3 Qd6 30. d4 c5 {The position is equal.} 31. Ref1 cxd4 32. Qxd4 Qb6 33. Qxa4 {[#] Black must now prevent f5.} Nf6 34. f5 exf5 35. gxf5 Bf7 36. Qd4 (36. Rd1 {keeps more tension.} Ra8 37. Qd4 Qb3 38. Rb1 Ra2 39. Bf3) 36... Qxd4 37. cxd4 Rb8 38. Rd2 Rb4 39. Re1 Rfb8 40. Ree2 Rc4 41. Re3 Rcb4 42. Ree2 Kg8 43. Bf3 Kf8 44. Nf1 Bh5 45. Bxh5 Nxh5 46. Re5 Rxb2 47. Rxd5 Nf4 48. Re5 (48. Rxb2 {is interesting.} Rxb2 49. Ra5 Ne2+ 50. Kf2 Nxd4+ 51. Ke3) 48... Rxd2 49. Nxd2 $11 {KRN-KRN} Rb2 50. Re4 Nh3+ 51. Kg2 Ng5 52. Re2 Nf7 53. Kf2 Nd6 54. Nf3 {Precision: White = 46%, Black = 71%.} 1/2-1/2